Modele Fiata - nagła śmierć - Statystyki

Ogólne statystyki
  • Ten quiz został rozwiązany 121 razy
  • Średni wynik to 6 z 12
Answers on the Grid
Answers color-coded by a green-red scale on the quiz's grid according to % correct below.
Punto
Panda
Tipo
Ottimo
Idea
Siena
Talento
Palio
Qubo
Fullback
Multipla
Yaris
Golf
Astra
Agera
Civic
Urus
Roma
Santa Fe
Matiz
Fiesta
Sandero
Yeti
Qashqai
Picasso
Espace
Niva
Vito
Ibiza
Levante
Macan
Bravo
 
Statystyki odpowiedzi
Odpowiedź % Poprawnych
Tipo
82%
Punto
81%
Panda
80%
Multipla
77%
Bravo
72%
Siena
56%
Palio
43%
Idea
35%
Talento
34%
Qubo
25%
Ottimo
19%
Fullback
13%
Nie znaleziono quizów pasujących do podanych kryteriów
Rozkład punktacji
Procent ludzi z każdym wynikiem
Percentyl według liczby udzielonych odpowiedzi
Twoja historia wyników
Nie rozwiązałeś tego quizu